[Event "BCF-ch"]
[Site "Southampton"]
[Date "1986.??.??"]
[Round "8"]
[White "Watts, David"]
[Black "Kosten, Anthony C"]
[Result "1/2-1/2"]
[WhiteElo "2210"]
[BlackElo "2455"]

1.e4 e6 2.d4 d5 3.Nc3 Bb4 4.e5 Ne7 5.a3 Bxc3+ 6.bxc3 c5 7.Qg4 Qc7 8.Qxg7 Rg8
9.Qxh7 cxd4 10.Ne2 Nbc6 11.f4 Bd7 12.Qd3 dxc3 13.Rb1 O-O-O 14.Qxc3 d4 15.Qc5 b6
16.Qc4 Kb8 17.Rg1 Bc8 18.g3 Bb7 19.Bg2 Rc8 20.Bd2 Qd7 21.Qb5 Nf5 22.Kf2 Qe7
23.a4 f6 24.exf6 Qxf6 25.a5 Ne3 26.a6 Ba8 27.Bf3 Ng4+ 28.Kg2 Rh8 29.Rh1 Rhd8
30.h3 Ne3+ 31.Bxe3 dxe3 32.Qc5 Rc7 33.Qxe3 Nd4 34.Nxd4 Rxd4 35.Rhd1 Rxd1
36.Rxd1 Rc3 37.Rd3 Rxc2+ 38.Kg1 Bxf3 39.Qxf3 Qa1+ 40.Rd1 Qxa6 41.f5 exf5
42.Qf4+ Ka8 43.Qf3+ Kb8  1/2-1/2

[Event "BCF-ch"]
[Site "Southampton"]
[Date "1986.??.??"]
[Round "8"]
[White "Barber, Haydn J"]
[Black "Allen, Keith"]
[Result "1-0"]
[WhiteElo "2320"]
[BlackElo "2225"]

1.e4 e6 2.d4 d5 3.Nc3 Bb4 4.e5 Qd7 5.Qg4 f5 6.Qg3 b6 7.a3 Bf8 8.Nf3 Ba6 9.Bxa6 Nxa6
10.O-O Nb8 11.Ne2 c5 12.Nf4 Nc6 13.c3 g6 14.Be3 c4 15.Ng5 Nd8 16.h4 Ne7 17.Rfe1 h6
18.Ngh3 Rg8 19.Kh2 Nf7 20.a4 Kd8 21.Reb1 Bg7 22.Kh1 Bh8 23.Ne2 Nc6 24.Bxh6 Nxh6
25.Qg5+ Kc7 26.Qxh6 Bg7 27.Qe3 Rh8 28.g3 Bh6 29.Nef4 g5 30.hxg5 Bxg5 31.Kg2 Bh6
32.Rh1 Rag8 33.Qf3 Na5 34.Nh5 Rg6 35.Nf6 Qg7 36.Nf4 Bxf4 37.Qxf4 Kc6 38.Rxh8 Qxh8
39.Rh1 Qf8 40.Rh7 Rg7 41.Qh6 Rf7 42.Qxf8 Rxf8 43.Re7  1-0

[Event "BCF-ch"]
[Site "Southampton"]
[Date "1986.??.??"]
[Round "11"]
[White "Motwani, Paul"]
[Black "Walker, David"]
[Result "1-0"]
[WhiteElo "2355"]
[BlackElo "2255"]

1.e4 e6 2.d4 d5 3.Nc3 Bb4 4.e5 Ne7 5.Nf3 c5 6.a3 Bxc3+ 7.bxc3 Bd7 8.dxc5 Ba4
9.Rb1 Nd7 10.Rxb7 Nxc5 11.Rb4 Bd7 12.Bd3 Ng6 13.O-O Rc8 14.Re1 Nxd3 15.Qxd3 O-O
16.h4 f6 17.exf6 Qxf6 18.h5 Rxc3 19.Bb2 Rxd3 20.Bxf6 Rxf3 21.gxf3 Rxf6 22.hxg6 Rxg6+
23.Kh2 Rf6 24.Kg3 h6 25.Rb8+ Kh7 26.Rb7 Ba4 27.c3 a6 28.Re7 Rg6+ 29.Kh2 Bb3
30.R1xe6 a5 31.f4 Bc2 32.f5 Rxe6 33.fxe6 Kg6 34.Rf7  1-0

[Event "Szirak"]
[Site "Szirak"]
[Date "1986.??.??"]
[Round "?"]
[White "Hazai, Laszlo"]
[Black "Nogueiras, Jesus"]
[Result "0-1"]
[WhiteElo "2480"]
[BlackElo "2570"]

1.e4 e6 2.d4 d5 3.Nc3 Bb4 4.e5 Ne7 5.a3 Bxc3+ 6.bxc3 c5 7.Nf3 Qa5 8.Bd2 Nbc6
9.Be2 cxd4 10.cxd4 Qa4 11.Bc3 b6 12.Qd3 a5 13.O-O Ba6 14.Qd2 Bxe2 15.Qxe2 Qc4
16.Qd2 O-O 17.Rfb1 b5 18.h3 Rfc8 19.Rb3 a4 20.Rb2 Nxe5 21.Nxe5 Qxc3 22.Qxc3 Rxc3
23.Rxb5 Nf5 24.Rb4 Rxc2 25.Rab1 h5 26.Rb8+ Rc8 27.Rxa8 Rxa8 28.Rb4 h4 29.Kf1 Nd6
30.Ke2 f6 31.Nd7 Nc4 32.Nb6 Nxb6 33.Rxb6 Kf7 34.Rb7+ Kg6 35.Re7 Ra6 36.Ke3 Rb6
37.Kf4 Rb2 38.Ra7 Rxf2+ 39.Kg4 Rxg2+ 40.Kxh4 Kh6 41.Rxg7 Kxg7  0-1

[Event "Vienna op"]
[Site "Vienna"]
[Date "1986.??.??"]
[Round "?"]
[White "Roth, Peter"]
[Black "Portisch, Ferenc"]
[Result "1/2-1/2"]
[WhiteElo "2345"]
[BlackElo "2420"]

1.e4 e6 2.d4 d5 3.Nc3 Bb4 4.e5 Ne7 5.a3 Bxc3+ 6.bxc3 c5 7.Qg4 Qc7 8.Bd3 cxd4
9.Ne2 dxc3 10.Qxg7 Rg8 11.Qxh7 Nd7 12.f4 Nf8 13.Qh3 Bd7 14.Nd4 Nf5 15.Be3 Nxe3
16.Qxe3 Rxg2 17.h4 O-O-O 18.h5 f5 19.exf6 e5 20.Nb5 Bxb5 21.Bxb5 Rxc2 22.Qxe5 Qh7
23.Rh3 d4 24.Bd3 Qg8 25.Qg5 Qe6+ 26.Qe5 Qg8 27.Qg5 Qe6+  1/2-1/2

[Event "Warzsawa"]
[Site "Warzsawa"]
[Date "1986.??.??"]
[Round "?"]
[White "Borkowski, Franciszek"]
[Black "Ostrowski, Leszek"]
[Result "1-0"]
[WhiteElo "2380"]
[BlackElo "2355"]

1.e4 e6 2.d4 d5 3.Nc3 Bb4 4.e5 b6 5.a3 Bf8 6.h4 Ba6 7.Bxa6 Nxa6 8.h5 Qd7
9.Qe2 Nb8 10.Nf3 h6 11.Bf4 Ne7 12.Nd1 Qa4 13.b4 a6 14.O-O Nd7 15.c4 Qc6 16.c5 Qb7
17.Nc3 Nc8 18.Nd2 Be7 19.Qg4 Bf8 20.Rfb1 Ne7 21.Nb3 Nc6 22.Be3 bxc5 23.bxc5 Qc8
24.f4 Ne7 25.Na5 Rg8 26.Rb2 g5 27.fxg5 Nf5 28.Nxd5 Nxe3 29.Nxe3 Nxc5 30.dxc5 Bxc5
31.Qe4 Kf8 32.g6 fxg6 33.Rf1+ Ke7 34.Rf6  1-0

[Event "Wellington m"]
[Site "Wellington"]
[Date "1986.??.??"]
[Round "3"]
[White "Chandler, Murray G"]
[Black "Rogers, Ian"]
[Result "1-0"]
[WhiteElo "2535"]
[BlackElo "2515"]

1.e4 e6 2.d4 d5 3.Nc3 Bb4 4.e5 Qd7 5.Nf3 b6 6.Bd2 Bf8 7.Bb5 c6 8.Ba4 a5 9.a3 Ba6
10.Ne2 Ne7 11.O-O Bxe2 12.Qxe2 b5 13.Bb3 a4 14.Ba2 Nc8 15.Ne1 Na6 16.Nd3 Nb6
17.Rae1 Nc4 18.Bc1 Qa7 19.c3 h5 20.Bg5 c5 21.dxc5 Nxc5 22.Nxc5 Bxc5 23.Kh1 Kd7
24.Bb1 Kc6 25.Bd3 Rab8 26.f4 g6 27.Rf3 Kb6 28.Bf6 Rhe8 29.Rb1 Ka5 30.b4+ axb3
31.Rxb3 Rec8 32.Rf1 Be3 33.Ra1 Bxf4 34.a4 Qe3 35.Rxb5+ Ka6 36.Bxc4 dxc4 37.Qb2 Bxe5
38.Qb4 Bc7 39.Bd4 Qf4 40.Bg1 Qe4 41.Rb1 Qd5 42.Bb6 Rxb6 43.Qa5+ Kb7 44.Rxb6+ Bxb6
45.Qxb6+  1-0

[Event "OHRA-B"]
[Site "Amsterdam"]
[Date "1987.??.??"]
[Round "4"]
[White "Riemersma, Liafbern"]
[Black "Beulen, Marcel"]
[Result "1-0"]
[WhiteElo "2345"]
[BlackElo "2560"]

1.e4 e6 2.d4 d5 3.Nc3 Bb4 4.e5 Qd7 5.a3 Bxc3+ 6.bxc3 b6 7.Qg4 f5 8.Qg3 Ba6
9.Bxa6 Nxa6 10.Ne2 O-O-O 11.a4 Nb8 12.a5 Kb7 13.O-O Nc6 14.axb6 cxb6 15.Bg5 Rb8
16.Rfb1 Ka8 17.c4 dxc4 18.Nc3 h6 19.d5 exd5 20.e6 Qxe6 21.Bf4 Rb7 22.Re1 Qd7
23.Nxd5 Nf6 24.Nc7+ Rxc7 25.Bxc7 Ne4 26.Rxe4 fxe4 27.Bxb6 Re8 28.h3 Rb8 29.Be3 Qe7
30.Qg4 Rd8 31.Qf5 Rd7 32.Qb5 Ne5 33.Bf4 Nf3+ 34.gxf3 Rb7 35.Qxc4 Qe8 36.Qxe4  1-0

[Event "AUT-ch"]
[Site "Austria"]
[Date "1987.??.??"]
[Round "4"]
[White "Wittmann, Walter"]
[Black "Weinzettl, Ernst"]
[Result "1-0"]
[WhiteElo "2400"]
[BlackElo "2310"]

1.e4 e6 2.d4 d5 3.Nc3 Bb4 4.e5 Ne7 5.a3 Bxc3+ 6.bxc3 c5 7.a4 Nbc6 8.Nf3 Qa5
9.Qd2 Bd7 10.Be2 cxd4 11.cxd4 Qxd2+ 12.Bxd2 Nf5 13.Bc3 Rc8 14.Kd2 O-O 15.Rhb1 Rc7
16.Rb3 f6 17.exf6 gxf6 18.Rab1 Nd6 19.Bd3 Re8 20.Re1 Ne7 21.a5 Ne4+ 22.Bxe4 dxe4
23.Rxe4 Rec8 24.Ne1 Ba4 25.Ra3 Nd5 26.Rg4+ Kh8 27.Rxa4 Nxc3 28.Rb4 f5 29.Rh4 Ne4+
30.Ke2 Rd8 31.Rh3 Nc3+ 32.Kd2 Ne4+ 33.Ke3 Rd5 34.Rh6 e5 35.a6 b6 36.Nd3 exd4+
37.Rxd4 Rxd4 38.Kxd4 Kg7 39.Re6 Kf7 40.Re5 Kf6 41.Nb4 Nc3 42.f4 b5 43.Kd3 Kg6
44.Re6+ Kf7 45.Rh6 Kg7 46.Rc6 Rxc6 47.Nxc6 Nd5 48.Kd4 Nxf4 49.Ke5 Nxg2 50.Nxa7 f4
51.Ke4  1-0

[Event "FRG-ch"]
[Site "Bad Neuenahr"]
[Date "1987.??.??"]
[Round "?"]
[White "Zude, Arno"]
[Black "Maier, Christian"]
[Result "1/2-1/2"]
[WhiteElo "2295"]
[BlackElo "2345"]

1.e4 e6 2.d4 d5 3.Nc3 Bb4 4.e5 Qd7 5.Ne2 b6 6.a3 Bf8 7.Ng3 c6 8.Bf4 Ba6 9.Bxa6 Nxa6
10.O-O Nc7 11.Qd2 h5 12.h4 Ne7 13.Bg5 Nf5 14.Nxf5 exf5 15.Qd3 Be7 16.Bxe7 Qxe7
17.Qxf5 Qxh4 18.f4 Ne6 19.Ne2 g6 20.Qd3 Ng7 21.c4 O-O 22.cxd5 cxd5 23.Nc3 Rad8
24.Qf3 Nf5  1/2-1/2

[Event "Beersheba"]
[Site "Beersheba"]
[Date "1987.??.??"]
[Round "?"]
[White "Kuijf, Marinus"]
[Black "Farago, Ivan"]
[Result "1/2-1/2"]
[WhiteElo "2470"]
[BlackElo "2535"]

1.e4 e6 2.d4 d5 3.Nc3 Bb4 4.e5 Ne7 5.a3 Bxc3+ 6.bxc3 c5 7.Nf3 Bd7 8.a4 Qa5
9.Qd2 Nbc6 10.Be2 f6 11.exf6 gxf6 12.Ba3 c4 13.O-O O-O-O 14.Rfb1 Qc7 15.Rb5 Rde8
16.Bc5 Nf5 17.a5 Nd6 18.Bxd6 Qxd6 19.Rab1 Nd8 20.R5b4 Bc6 21.Nh4 Reg8 22.Qh6 Qe7
23.Bh5 Qg7 24.Qxg7 Rxg7 25.f4 Be8 26.Bf3 Nc6 27.Rb5 f5 28.Kf2 Rf8 29.Be2 Nb8
30.R5b2 Bc6 31.Bf3 Nd7 32.Re1 Re7 33.Re3 Kd8 34.Rb1 Nf6 35.Re5 Nd7 36.Re2 Nf6
37.Rbe1 Ne4+ 38.Bxe4 dxe4 39.Ke3 Bd5 40.Rg1 Rg8 41.g3 Rc7 42.Reg2 h5 43.Ra1 Rcg7
44.Rgg1 Kc7 45.Rgb1 Kc6 46.Kf2 Rg4 47.Rg1 Rh8 48.Kg2 Rhg8 49.Kh3 Rh8 50.Rab1 Rhg8
51.Rge1 Rh8 52.Rb4 Rh6 53.Re2 Rh7 54.Re3 Rh8 55.Rb1 Rh7 56.Kg2 Rh8 57.Kf2 Rhg8  1/2-1/2

[Event "AdW-Turnier"]
[Site "Berlin-Ost"]
[Date "1987.??.??"]
[Round "?"]
[White "Goldberg, Alexander"]
[Black "Paehtz, Thomas Sr"]
[Result "0-1"]
[WhiteElo "2330"]
[BlackElo "2450"]

1.e4 e6 2.d4 d5 3.Nc3 Bb4 4.e5 Ne7 5.a3 Bxc3+ 6.bxc3 c5 7.h4 Qa5 8.Bd2 cxd4
9.cxd4 Qa4 10.Nf3 Nbc6 11.Be3 b6 12.Qd3 a5 13.Qd2 Ba6 14.Bxa6 Rxa6 15.O-O O-O
16.Qd3 Qc4 17.Qxc4 dxc4 18.Rab1 Nd5 19.Bd2 c3 20.Be3 Rc8 21.h5 h6 22.g4 a4
23.Bc1 Rb8 24.Kh2 b5 25.Rg1 b4 26.g5 Kh7 27.axb4 a3 28.gxh6 gxh6 29.Be3 a2
30.Ra1 Nxe3 31.fxe3 Nxb4 32.Rgc1 Rg8 33.Ne1 Raa8 34.Nd3 Rg5 35.Nf4 Rag8 36.Rf1 Nd5
37.Rf3 Nxf4 38.exf4 Rg2+ 39.Kh3 Rg1 40.Rff1 Rxf1 41.Rxf1 Rb8 42.Ra1 Rb2 43.d5 exd5
44.Kg4 Rxc2 45.Kf5 Rf2  0-1

[Event "Noviki-A"]
[Site "Budapest"]
[Date "1987.??.??"]
[Round "?"]
[White "Horvath, Jozsef"]
[Black "Tischbierek, Raj"]
[Result "1-0"]
[WhiteElo "2465"]
[BlackElo "2480"]

1.e4 e6 2.d4 d5 3.Nc3 Bb4 4.e5 Ne7 5.a3 Bxc3+ 6.bxc3 c5 7.Qg4 Qc7 8.Qxg7 Rg8
9.Qxh7 cxd4 10.Ne2 Nbc6 11.f4 dxc3 12.Qd3 d4 13.Nxd4 Nxd4 14.Qxd4 Bd7 15.Rg1 Bc6
16.Qxc3 O-O-O 17.Bd2 Nd5 18.Qc5 f6 19.exf6 Nxf6 20.Bd3 Rd5 21.Qxa7 Bb5 22.Rb1 Qc6
23.Rb3 Rxd3 24.cxd3 Qd5 25.Rc3+ Bc6 26.Qc5 Qa2 27.Qc4 Qb2 28.Qxe6+ Kb8 29.Qe5+  1-0

[Event "Budapest"]
[Site "Budapest"]
[Date "1987.??.??"]
[Round "10"]
[White "Horvath, Jozsef"]
[Black "Farago, Ivan"]
[Result "1-0"]
[WhiteElo "2470"]
[BlackElo "2535"]

1.e4 e6 2.d4 d5 3.Nc3 Bb4 4.e5 Ne7 5.a3 Bxc3+ 6.bxc3 c5 7.Qg4 Qc7 8.Qxg7 Rg8
9.Qxh7 cxd4 10.Ne2 Nbc6 11.f4 Bd7 12.Qd3 dxc3 13.Qxc3 Nf5 14.Rb1 O-O-O 15.Rg1 d4
16.Qd3 f6 17.g4 Nh6 18.exf6 Rxg4 19.Rxg4 Nxg4 20.f7 e5 21.Bg2 Be6 22.h3 Nf6
23.fxe5 Nd5 24.Bxd5 Qa5+ 25.Nc3 Bxd5 26.Rb5 Be4 27.Rxa5 Bxd3 28.Rd5 Rf8 29.e6 Bc4
30.Bh6 Bxd5 31.Nxd5  1-0

[Event "Budel zt"]
[Site "Budel"]
[Date "1987.??.??"]
[Round "?"]
[White "Van der Wiel, John TH"]
[Black "Haik, Aldo"]
[Result "1-0"]
[WhiteElo "2590"]
[BlackElo "2470"]

1.e4 e6 2.d4 d5 3.Nc3 Bb4 4.e5 Ne7 5.a3 Bxc3+ 6.bxc3 Nbc6 7.Bd3 Qd7 8.Qg4 Ng6
9.h4 h5 10.Qg5 Nce7 11.Ne2 Nf5 12.Ng3 Qe7 13.Nxh5 Nfxh4 14.Qg4 Nf5 15.Nxg7+ Nxg7
16.Rxh8+  1-0

[Event "Camaguey-B"]
[Site "Camaguey"]
[Date "1987.??.??"]
[Round "?"]
[White "Diaz, Joaquin C"]
[Black "Matamoros Franco, Carlos S"]
[Result "1/2-1/2"]
[WhiteElo "2375"]
[BlackElo "2395"]

1.e4 e6 2.d4 d5 3.Nc3 Bb4 4.e5 Ne7 5.a3 Bxc3+ 6.bxc3 c5 7.Nf3 Qa5 8.Bd2 Nbc6
9.a4 Bd7 10.Be2 f6 11.exf6 gxf6 12.Nh4 Ng6 13.Bh5 O-O-O 14.Bxg6 hxg6 15.Nxg6 Rh7
16.Qf3 Rg8 17.Qxf6 cxd4 18.cxd4 Qd8 19.Qxd8+ Kxd8 20.Nf4 Nxd4 21.O-O-O e5
22.Be3 exf4 23.Bxd4 Rxg2 24.Bxa7 Bxa4 25.Rxd5+ Kc7 26.Rd4 Bc6 27.Rxf4 Rgxh2
28.Rxh2 Rxh2 29.Rf7+ Kd6 30.Kd2 Ke6 31.Rg7 Rh3 32.Be3 Rf3 33.c4 Rf7 34.Rg6+ Rf6
35.Rg1 Rf7 36.Kd3 Rf5 37.Rg4 Rf7 38.Kd4 Rf5 39.Bf4 Bf3  1/2-1/2

[Event "New Delhi"]
[Site "Delhi"]
[Date "1987.??.??"]
[Round "?"]
[White "Vasiukov, Evgeni"]
[Black "Hegde, Ravi Gopal"]
[Result "1/2-1/2"]
[WhiteElo "2490"]
[BlackElo "2345"]

1.e4 e6 2.d4 d5 3.Nc3 Bb4 4.e5 Ne7 5.a3 Bxc3+ 6.bxc3 c5 7.Nf3 Bd7 8.Be2 Ba4
9.O-O Qc7 10.Ra2 Nd7 11.Ng5 h6 12.Nh3 O-O-O 13.Nf4 Kb8 14.Re1 Rc8 15.Bd3 Nc6
16.Rb2 Ka8 17.Be3 Qa5 18.Bd2 Qc7 19.Qg4 g6 20.Nh3 c4 21.Bf1 Qd8 22.Nf4 Qe7
23.Ra2 Rcg8 24.Qg3 Nd8 25.Qe3 Qf8 26.Be2 Qg7 27.Bd1 Nc6 28.f3 Qf8 29.Qf2 Qe7
30.Qe3 Qh4 31.Qf2 Qe7 32.Qe3 Qh4 33.Qf2 Qe7  1/2-1/2

[Event "HUN-ch op"]
[Site "Eger"]
[Date "1987.??.??"]
[Round "?"]
[White "Perenyi, Bela"]
[Black "Kiss, Laszlo"]
[Result "1-0"]
[WhiteElo "2360"]
[BlackElo "2220"]

1.e4 e6 2.d4 d5 3.Nc3 Bb4 4.e5 Qd7 5.Bd2 b6 6.Bb5 c6 7.Ba4 b5 8.Bb3 Bb7 9.a3 Bf8
10.Nce2 c5 11.c3 Nc6 12.Nf3 f6 13.exf6 gxf6 14.O-O c4 15.Bc2 Bd6 16.Re1 Nge7
17.Nf4 Bxf4 18.Bxf4 Ng6 19.Bg3 O-O-O 20.Qb1 f5 21.Rxe6 Rhf8 22.Rd6 Qg7 23.Ng5  1-0

[Event "HUN-ch op"]
[Site "Eger"]
[Date "1987.??.??"]
[Round "?"]
[White "Palkovi, Jozsef"]
[Black "Portisch, Ferenc"]
[Result "0-1"]
[WhiteElo "2350"]
[BlackElo "2440"]

1.e4 e6 2.d4 d5 3.Nc3 Bb4 4.e5 Ne7 5.a3 Bxc3+ 6.bxc3 c5 7.Qg4 cxd4 8.Qxg7 Rg8
9.Qxh7 Qc7 10.Ne2 Nbc6 11.f4 Bd7 12.Qd3 dxc3 13.Rb1 d4 14.Nxd4 Nxd4 15.Qxd4 Nf5
16.Qf2 Bc6 17.Rg1 Rd8 18.Bd3 Rxd3 19.cxd3 Qd8 20.Qxa7 Qxd3 21.Rb4 Qc2 22.Be3 Kf8
23.Rxb7 Bxb7 24.Bc5+ Kg7 25.Qxb7 Qd2+  0-1

[Event "Espergaerde"]
[Site "Espergaerde"]
[Date "1987.??.??"]
[Round "3"]
[White "Davies, Nigel R"]
[Black "Rodgaard, John"]
[Result "1/2-1/2"]
[WhiteElo "2460"]
[BlackElo "2365"]

1.e4 e6 2.d4 d5 3.Nc3 Bb4 4.e5 Ne7 5.a3 Bxc3+ 6.bxc3 b6 7.Qg4 Kf8 8.Nh3 Ng6
9.a4 c5 10.a5 Ba6 11.Bxa6 Nxa6 12.Qe2 Qc8 13.O-O h6 14.c4 dxc4 15.Qxc4 Qb7
16.axb6 axb6 17.Ba3 Kg8 18.dxc5 Nxc5 19.Bxc5 Rc8 20.Rfb1 Qc6 21.Nf4 Nxf4
22.Qxf4 Qxc5 23.Ra7 Rc7 24.Rxc7 Qxc7 25.Qe4 g6 26.h4 h5 27.Rb4 Kg7 28.Rc4 Qe7
29.Rc6 Rb8 30.Qd4 b5 31.Rd6 Rb7 32.g3 b4 33.Kh2 Rc7 34.Qe4  1/2-1/2

[Event "FIN-chT"]
[Site "?"]
[Date "1987.??.??"]
[Round "?"]
[White "Paavilainen, Jorma"]
[Black "Kekki, Jorma"]
[Result "1/2-1/2"]
[WhiteElo "2325"]
[BlackElo "2315"]

1.e4 e6 2.d4 d5 3.Nc3 Bb4 4.e5 Ne7 5.Nf3 c5 6.a3 Bxc3+ 7.bxc3 Bd7 8.Rb1 Qc7
9.h4 Nbc6 10.h5 h6 11.Rh4 Rc8 12.Rg4 Nf5 13.Rf4 cxd4 14.g4 Nfe7 15.cxd4 Na5
16.Bd2 Ba4 17.Bd3 Nc4 18.Bb4 b6 19.g5 hxg5 20.Rxf7 Kxf7 21.Nxg5+ Ke8 22.Nxe6 Qd7
23.Qg4 Bxc2 24.Nxg7+ Kd8 25.Ne6+ Ke8 26.Ng7+ Kd8 27.Ne6+  1/2-1/2

[Event "Frunze"]
[Site "Frunze"]
[Date "1987.??.??"]
[Round "?"]
[White "King, Daniel J"]
[Black "Matveeva, Svetlana"]
[Result "1-0"]
[WhiteElo "2470"]
[BlackElo "2380"]

1.e4 e6 2.d4 d5 3.Nc3 Bb4 4.e5 Qd7 5.Nf3 b6 6.Bd2 Ba6 7.Bxa6 Nxa6 8.Ne2 Bxd2+
9.Qxd2 Ne7 10.O-O c5 11.Nf4 g6 12.Qe2 c4 13.b3 Rc8 14.Nd2 c3 15.Nf3 Nb4 16.a3 Nbc6
17.b4 Nf5 18.Qd3 h5 19.Ne2 Qe7 20.Qxc3 Rc7 21.Qd2 g5 22.c3 g4 23.Ne1 h4 24.Nd3 Kd7
25.Qf4 Rg8 26.Rac1 Kc8 27.c4 Qd7 28.c5 b5 29.Nb2 Rb7 30.Nd1 a5 31.bxa5 Ra7
32.Ne3 Nxe3 33.fxe3 Rxa5 34.Rc3 Nd8 35.c6 Qc7 36.Nc1 Ra6 37.Nd3 Rxc6 38.Rxc6 Nxc6
39.Qxf7 Qxf7 40.Rxf7 Na5 41.Ra7  1-0

[Event "Frunze"]
[Site "Frunze"]
[Date "1987.??.??"]
[Round "?"]
[White "Yurtaev, Leonid"]
[Black "Matveeva, Svetlana"]
[Result "1-0"]
[WhiteElo "2460"]
[BlackElo "2380"]

1.e4 e6 2.d4 d5 3.Nc3 Bb4 4.e5 Qd7 5.Nh3 b6 6.Nf4 g6 7.h4 h5 8.g4 hxg4 9.h5 Nc6
10.Bb5 Bb7 11.a3 Be7 12.Nce2 O-O-O 13.Ng3 gxh5 14.Rxh5 Rxh5 15.Nfxh5 f5 16.Qd3 Bh4
17.Nf4 Qf7 18.Be3 Nge7 19.O-O-O Ng6 20.Nxg6 Qxg6 21.Rh1 Rh8 22.Ne2 Qf7 23.Nf4 Ne7
24.Qf1 Ng6 25.Rh2 Bg5 26.Rxh8+ Nxh8 27.Qh1 Ng6 28.Nxg6 Qxg6 29.Qh8+ Bd8 30.Be8  1-0

[Event "Gausdal zt"]
[Site "Gausdal"]
[Date "1987.??.??"]
[Round "?"]
[White "Hellers, Ferdinand"]
[Black "Karlsson, Lars"]
[Result "1/2-1/2"]
[WhiteElo "2465"]
[BlackElo "2480"]

1.e4 e6 2.d4 d5 3.Nc3 Bb4 4.e5 Qd7 5.a3 Bf8 6.Nf3 b6 7.Bb5 Nc6 8.O-O Bb7
9.Qe2 Nge7 10.Be3 Nf5 11.Na2 Be7 12.Nb4 O-O 13.c3 a5 14.Nxc6 Bxc6 15.Bd3 a4
16.Bd2 Bd8 17.g4 Ne7 18.Rae1 Ra5 19.h4 Bb5 20.Ng5 h6 21.Nh7 Re8 22.h5 Nf5
23.gxf5 exf5 24.Kh1 Kxh7 25.Rg1 Bxd3 26.Qxd3 Rg8 27.Rg3 b5 28.Rf3 g6 29.hxg6+ Rxg6
30.Rxf5 Raa6 31.Re3 Kg8 32.Rg3 Rxg3 33.fxg3 Rg6 34.Qf3 c6 35.Kh2 Qe6  1/2-1/2

[Event "Granma zt"]
[Site "Granma"]
[Date "1987.??.??"]
[Round "?"]
[White "Hernandez, Ga"]
[Black "Arencibia, Walter"]
[Result "1-0"]
[WhiteElo "2355"]
[BlackElo "2420"]

1.e4 e6 2.d4 d5 3.Nc3 Bb4 4.e5 b6 5.a3 Bf8 6.Nf3 Ne7 7.Bg5 Qd7 8.Bb5 c6 9.Ba4 h6
10.Bd2 Ba6 11.Ne2 Qc7 12.O-O Bb5 13.Bxb5 cxb5 14.a4 bxa4 15.Rxa4 b5 16.Ra2 Nec6
17.Nf4 Nd7 18.Qe2 Qb6 19.c3 a5 20.b4 a4 21.Ne1 Na7 22.Ned3 Qc6 23.Raa1 Nb6
24.Nh5 Nc4 25.f4 g6 26.Nf6+ Kd8 27.g4 Nc8 28.f5 gxf5 29.gxf5 Ra7 30.Kh1 Nxd2
31.Qxd2 Ne7 32.fxe6 fxe6 33.Nf4 Kc8 34.Qd3 h5 35.Qh3 Nf5 36.Ng6  1-0

[Event "DSV-Turnier"]
[Site "Halle"]
[Date "1987.??.??"]
[Round "?"]
[White "Horvath, Csaba"]
[Black "Paehtz, Thomas Sr"]
[Result "0-1"]
[WhiteElo "2455"]
[BlackElo "2450"]

1.e4 e6 2.d4 d5 3.Nc3 Bb4 4.e5 Ne7 5.a3 Bxc3+ 6.bxc3 c5 7.Qg4 Qc7 8.Qxg7 Rg8
9.Qxh7 cxd4 10.Ne2 Nbc6 11.f4 Bd7 12.Qd3 dxc3 13.Qxc3 O-O-O 14.Rb1 d4 15.Qd3 Be8
16.g3 f6 17.exf6 Nd5 18.Bh3 Qf7 19.Nxd4 Nxd4 20.Qxd4 Nc7 21.Qe5 Bc6 22.O-O Rh8
23.Bg4 Rxh2 24.Kxh2 Qh7+ 25.Qh5 Qxc2+ 26.Be2 Qxb1 27.f5 Qe4 28.Bf3 Qc2+ 29.Kh3 Bxf3
30.Qxf3 Rh8+ 31.Kg4 Qc4+ 32.Kg5 e5 33.f7 Qxf7  0-1

[Event "Hameln Voba"]
[Site "Hameln"]
[Date "1987.??.??"]
[Round "?"]
[White "Reeh, Oliver"]
[Black "Meyer, Peter"]
[Result "1/2-1/2"]
[WhiteElo "2425"]
[BlackElo "2300"]

1.e4 e6 2.d4 d5 3.Nc3 Bb4 4.e5 Ne7 5.a3 Bxc3+ 6.bxc3 c5 7.Nf3 Bd7 8.dxc5 Ba4
9.Bd3 Nbc6 10.Rb1 O-O 11.O-O  1/2-1/2

[Event "Hameln Voba"]
[Site "Hameln"]
[Date "1987.??.??"]
[Round "?"]
[White "Pape, Joerg"]
[Black "Apicella, Manuel"]
[Result "1/2-1/2"]
[WhiteElo "2200"]
[BlackElo "2295"]

1.e4 e6 2.d4 d5 3.Nc3 Bb4 4.e5 Ne7 5.Bd2 c5 6.Nb5 Bxd2+ 7.Qxd2 Nbc6 8.Nd6+ Kf8
9.Qf4 Nf5 10.Nxf5 exf5 11.dxc5 Be6 12.Bd3 g5 13.Qe3 Qa5+ 14.Qd2 Qxd2+ 15.Kxd2 Nxe5
16.Ne2 f4 17.Nd4 Ke7 18.Rhe1 Kf6 19.Re2 Rae8 20.Rae1 Bd7 21.b4 h5 22.b5 g4
23.f3 gxf3 24.gxf3 Rhg8 25.a4 h4 26.a5 Rg5 27.Kc3 Rc8  1/2-1/2

[Event "RLPF-ch"]
[Site "Heimbach"]
[Date "1987.??.??"]
[Round "4"]
[White "Dietzsch, Herbert"]
[Black "Brueckner, Thomas"]
[Result "1/2-1/2"]
[WhiteElo "2220"]
[BlackElo "2345"]

1.e4 e6 2.d4 d5 3.Nc3 Bb4 4.e5 Ne7 5.a3 Bxc3+ 6.bxc3 c5 7.Nf3 Qa5 8.Bd2 Nbc6
9.Bd3 c4 10.Be2 Bd7 11.Ng5 h6 12.Nh3 Ng6 13.Bh5 Nce7 14.O-O O-O-O 15.f4 Be8
16.Bg4 Bd7 17.Bh5 Be8 18.Bg4 Bd7  1/2-1/2

[Event "FIN-ch"]
[Site "Helsinki"]
[Date "1987.??.??"]
[Round "?"]
[White "Ristoja, Thomas W"]
[Black "Kekki, Petri"]
[Result "0-1"]
[WhiteElo "2215"]
[BlackElo "2220"]

1.e4 e6 2.d4 d5 3.Nc3 Bb4 4.e5 Ne7 5.a3 Bxc3+ 6.bxc3 c5 7.Nf3 Qa5 8.Bd2 Bd7
9.a4 Nbc6 10.h4 f6 11.h5 fxe5 12.Nxe5 Nxe5 13.dxe5 O-O-O 14.f4 c4 15.Qf3 Bc6
16.Qh3 Nf5 17.g4 Ne7 18.Rh2 Rhf8 19.Qe3 Kb8 20.Bh3 Qc7 21.Qd4 Bd7 22.Be3 Nc6
23.Qd2 Rf7 24.g5 g6 25.h6 Bc8 26.Bd4 Nxd4 27.cxd4 c3 28.Qe3 Qc4 29.Rf2 Rc7
30.Bf1 Qb4 31.Bd3 Bd7 32.a5 Bb5 33.Bxb5 Qxb5 34.a6 Qb2 35.Rd1 bxa6 36.Qd3 Rc4
37.Ke2 Ka8 38.Ke3 a5 39.Qf1 Qb6 40.Kf3 Rxd4 41.Rb1 Rb4  0-1

[Event "FIN-ch"]
[Site "Helsinki"]
[Date "1987.??.??"]
[Round "?"]
[White "Pyhala, Antti"]
[Black "Kekki, Petri"]
[Result "1-0"]
[WhiteElo "2385"]
[BlackElo "2220"]

1.e4 e6 2.d4 d5 3.Nc3 Bb4 4.e5 Ne7 5.a3 Bxc3+ 6.bxc3 c5 7.Qg4 O-O 8.Nf3 Nbc6
9.Bd3 f5 10.Qg3 Qb6 11.h4 Kh8 12.h5 cxd4 13.Nh4 Rf7 14.Bg5 dxc3 15.Ng6+ Kg8
16.Qh4 Qc5 17.g4 fxg4 18.h6 Nxg6 19.Bxg6 Nxe5 20.Bxh7+ Kf8 21.Bd3 Nxd3+ 22.cxd3 gxh6
23.Be3 Qd6 24.Qxh6+ Ke7 25.Qg5+ Kd7 26.Rh8 Kc7 27.Bd4 Rf5 28.Qg7+ Qd7 29.Qg8 e5
30.Rh7 exd4 31.Rxd7+ Kxd7 32.O-O-O Re5 33.Rh1 Kc6 34.Qg7 Re6 35.Qxd4 Bd7
36.Rh7 Rd8 37.Qxc3+ Kb6 38.Qd4+ Kc7 39.Qxd5 Rc6+ 40.Kb2 Kc8 41.Qe5 a6 42.Rh8 Rxh8
43.Qxh8+ Kc7 44.Qe5+ Rd6 45.d4 Be6 46.Kc3 Kd7 47.Qg7+ Kc6 48.a4 b6 49.Kd2 Bd7
50.Ke3 Rd5 51.Qg8 Ra5 52.Ke4 Bf5+ 53.Kf4 Bd7 54.Qa8+ Kd6 55.Qf8+ Kc7 56.Qg7 Kc6
57.Qg8 Kd6 58.Qb8+ Kc6 59.Qd8 Rd5 60.Qa8+ Kd6 61.Ke4 Bf5+ 62.Ke3 Bd7 63.Qxa6 Kc7
64.Qa7+ Kc6 65.Qa8+ Kd6 66.Qb7 Bxa4 67.Qxb6+ Bc6 68.Qd8+ Bd7 69.Ke4 Rb5 70.Qf8+ Kc7
71.d5 Kb7 72.Qa3 Kc7 73.Ke5 Rb6 74.Qa7+ Rb7 75.Qc5+ Kb8 76.Qd6+ Rc7 77.Qb6+ Rb7
78.Qd8+ Bc8 79.Kd6 Ra7 80.Kc6 Rb7 81.d6 Ra7 82.d7 Rxd7 83.Qxd7 Bxd7+ 84.Kxd7 Kb7
85.Ke6 Kc6 86.Kf5 Kd6 87.Kxg4 Ke5 88.f3 Ke6 89.Kg5 Kf7 90.Kf5 Ke7 91.Kg6 Ke8
92.f4 Ke7 93.f5 Kf8 94.Kf6  1-0

[Event "POL-chT"]
[Site "Jachranka"]
[Date "1987.??.??"]
[Round "11"]
[White "Luczak, Andrzej"]
[Black "Grossmann, Ryszard"]
[Result "1-0"]
[WhiteElo "2350"]
[BlackElo "2300"]

1.e4 e6 2.d4 d5 3.Nc3 Bb4 4.e5 Qd7 5.Qg4 Bf8 6.Nf3 b6 7.Bd2 Ba6 8.Bxa6 Nxa6
9.O-O Ne7 10.a4 c6 11.Ne2 Nf5 12.Nh4 Nc7 13.Rfc1 g6 14.Bg5 Be7 15.Bxe7 Qxe7
16.Nxf5 gxf5 17.Qf3 O-O-O 18.c4 Kb8 19.cxd5 Nxd5 20.Rxc6 Qb4 21.Qa3 Qd2 22.a5 Qxa5
23.Qxa5 bxa5 24.Rxa5 Rd7 25.Rb5+ Nb6 26.Kf1 Kb7 27.Rc2 Rg8 28.g3 Ka6 29.Rb3 Rgd8
30.Ke1 Rd5 31.Rc7 R8d7 32.Ra3+ Ra5 33.Rxa5+ Kxa5 34.Rxd7 Nxd7 35.Kd2 Kb4
36.Kc2 Kc4 37.b3+ Kb4 38.Kb2 a5 39.Nc1 Nb6 40.Nd3+ Kb5 41.Kc3 a4 42.bxa4+ Nxa4+
43.Kb3 Nb6 44.Nf4 Nc8 45.Nh5 Ne7 46.Nf6 h6 47.Kc3 Kb6 48.h4 Kc7 49.h5 Kd8
50.Kc4 Nc8 51.Kc5 Ke7 52.g4 fxg4 53.Nxg4 Kf8 54.Nxh6 Ne7 55.Ng4 Kg7 56.Nf6 Nf5
57.Kc4 Kh6 58.f4 Ng3 59.Kd3 Nf5 60.Ke4 Ng3+ 61.Kd3 Nf5 62.Kc4 Ne3+ 63.Kc5 Kg7
64.d5 exd5 65.Nxd5 Nf5 66.Nf6 Nh6 67.Ne8+ Kf8 68.Nd6 Ke7 69.Kd5 Kf8 70.f5 Ke7
71.f6+ Kf8 72.Ke4 Ng4 73.Kf4 Nf2 74.h6 Kg8 75.Nxf7 Kxf7 76.h7 Nd3+ 77.Kf5 Nxe5
78.Kxe5  1-0

[Event "Kecskemet"]
[Site "Kecskemet"]
[Date "1987.??.??"]
[Round "?"]
[White "Kosten, Anthony C"]
[Black "Paehtz, Thomas Sr"]
[Result "0-1"]
[WhiteElo "2440"]
[BlackElo "2415"]

1.e4 e6 2.d4 d5 3.Nc3 Bb4 4.e5 Ne7 5.a3 Bxc3+ 6.bxc3 c5 7.Nf3 Qa5 8.Bd2 Nbc6
9.Bd3 c4 10.Bf1 Bd7 11.g3 O-O-O 12.Bh3 f6 13.Qe2 Ng6 14.O-O Rde8 15.a4 h5
16.Rfe1 h4 17.Bg2 hxg3 18.hxg3 Rh7 19.Nh2 Reh8 20.Nf1 fxe5 21.Qg4 Nce7 22.dxe5 Qc7
23.f4 Nf8 24.Be3 d4 25.Bxd4 Bc6 26.Re2 Nf5 27.Bxc6 Qxc6 28.Rg2 g5 29.fxg5 Rh1+
30.Kf2 Ng6 31.Qf3 Nxd4 32.cxd4 Rf8 33.Qxf8+ Nxf8 34.Re1 Qxa4 35.Kf3 Qc6+
36.Kf2 Nh7 37.d5 Qc5+ 38.Ke2 Nxg5 39.dxe6 Nxe6 40.Rf2 Qxe5+ 41.Kd2 c3+ 42.Kd1 Qd4+
43.Ke2 Qd5  0-1